00234nam a2200085Ia 4500008004100000082001900041100002200060245005300082300001300135230907s9999||||xx |||||||||||||| ||und|| a363.73874bRUS aRuser, Alexander. 0aClimate politics and the impact of think tanks : apages cm